| 000 | 00509nam a2200181Ia 4500 | ||
|---|---|---|---|
| 999 |
_c14484 _d14484 |
||
| 003 | OSt | ||
| 005 | 20201020100442.0 | ||
| 008 | 190216s9999||||xx |||||||||||||| ||und|| | ||
| 020 | _a9781564144485 | ||
| 040 | _coclc | ||
| 082 |
_a650.14 _bWEN/G |
||
| 100 |
_aWendleton, Kate _95951 |
||
| 245 | 0 |
_aGetting Interviews / _cKate Wendleton |
|
| 260 |
_bCareer Press, _c2000. _aNew York: |
||
| 300 | _a180p | ||
| 650 | _aEducation-English | ||
| 942 |
_cBK _2ddc _h650.14 _iWEN/G _k650.14 _mWEN/G |
||